Imágenes : el carlismo en las artes : III Jornadas de Estudio del Carlismo : actas : 23 - 25 Septiembre 2009, Estella el carlismo en las artes :
ISBN:
978-84-235-3227-8
Publicado:
Navarra :
Gobierno de Navarra. Departamento de Cultura y Turismo - Institución Príncipe de Viana ,
2010
Descripción Física:
410 p. ; 24 cm + 1 CD-ROM
Materias:
Carlisme -- Història -- Congressos
MARC
| LEADER | 00000nam a2200000Ia 4500 | ||
|---|---|---|---|
| 001 | 22945 | ||
| 003 | BGR | ||
| 005 | 20260324175710.0 | ||
| 008 | 160829s2010 xx 000 0 cat d | ||
| 020 | |a 978-84-235-3227-8 | ||
| 080 | |a H-3-115 | ||
| 111 | |a Jornadas de Estudio del Carlismo |9 71074 |c (Estella : |d 2009) | ||
| 245 | |a Imágenes : |b el carlismo en las artes : |b III Jornadas de Estudio del Carlismo : |b actas : |b 23 - 25 Septiembre 2009, Estella | ||
| 260 | |a Navarra : |b Gobierno de Navarra. Departamento de Cultura y Turismo - Institución Príncipe de Viana, |c 2010 | ||
| 300 | |a 410 p. ; |c 24 cm + 1 CD-ROM | ||
| 590 | |a A la part superior de la portada: Museo del Carlismo | ||
| 650 | |a Carlisme |x Història |x Congressos |9 38275 | ||
| 710 | 1 | |a Navarra. |b Departamento de Cultura y Turismo |9 54195 | |
| 710 | 1 | |a Institución Príncipe de Viana |9 71073 | |
| 901 | |a Arxiu | ||
| 942 | |n 1 |2 udc |c JC | ||
| 952 | |0 0 |1 0 |4 0 |6 H3115 |7 1 |9 48352 |a Arxiu |b Arxiu |d 2016-12-01 |l 0 |o H-3-115 |p 22945 |r 2016-12-01 00:00:00 |w 2016-12-01 |y ARXIU | ||
| 999 | |c 52158 |d 52158 | ||